00314nam a2200121Ia 4500008004100000041000800041082001500049100001300064245002300077260005100100300003000151365001100181240624s9999 xx 000 0 und d aeng a344.01 PUR aPURI S D aFACTORIES ACT 1948 c2008aMumbaibSnow White Publication Pvt. Ltd. ail, : 438 : p. : cm. ; 24 cRSb15